| 000 | 00417nam a22001457a 4500 | ||
|---|---|---|---|
| 005 | 20180209102630.0 | ||
| 008 | 180209b xxu||||| |||| 00| 0 eng d | ||
| 040 | _cPK-LaUMT | ||
| 082 |
_aPKAC 320.95491 _bFAS-P |
||
| 100 | _aFasahat H. Syed | ||
| 245 |
_aPakistan's political experience and future prospects/ _cFasahat H. Syed |
||
| 260 |
_aRawalpindi: _bA friends publication _c1993 |
||
| 300 | _a112 | ||
| 942 | _cBK | ||
| 999 |
_c102927 _d102927 |
||